=LDR 00000nam 2200000 4500 =001 INLIS000000000014337 =005 20200226023045 =035 ##$$a 0010-061300000014337 =008 200226################g##########0#ind## =041 ##$$a Ind =082 ##$$a 174 =090 ##$$a 174, Koe l =100 ##$$a Koehn, daryl =245 1#$$a Landasan etika profesi /$c Koehn, daryl =260 ##$$a Yogyakarta :$b Kanisius,$c 2004 =300 ##$$a 264 hlm ; $c 15,5 x 22 cm =650 #4$$a Etika propesi =850 ##$$a NBPNMAT =020 ##$$a 979-472-789-7 =084 ##$$a 174 KOE l =250 ##$$a Cet. 2 =504 ##$$a Bibliografi : hlm. 255 - 264 =990 ##$$a 30501234 =990 ##$$a 30501235 =990 ##$$a 30501236 =990 ##$$a 30501237 =990 ##$$a 0001/BPAP-NTB/20142015 =990 ##$$a 30501236 =990 ##$$a 30501234 =990 ##$$a 30501235 =990 ##$$a 30501237 =990 ##$$a 0001/BPAP-NTB/20142015 =990 ##$$a 0001/BPAP-NTB/20142015 =990 ##$$a 30501234 =990 ##$$a 30501235 =990 ##$$a 30501236 =990 ##$$a 30501237